Normal view
MARC view
- Sturgess, keith
Entry Personal Name
001 - CONTROL NUMBER
- control field: 5476
003 - CONTROL NUMBER IDENTIFIER
- control field: JO-AjAnu
005 - DATE AND TIME OF LATEST TRANSACTION
- control field: 20230606071205.0
008 - FIXED-LENGTH DATA ELEMENTS
- fixed length control field: 230606|| aca||aabn | a|a d
040 ## - CATALOGING SOURCE
- Original cataloging agency: JO-AjAnu
- Transcribing agency: JO-AjAnu
100 ## - HEADING--PERSONAL NAME
- Personal name: Sturgess, keith
670 ## - SOURCE DATA FOUND
- Source citation: Work cat.: (JO-AjAnu)2828: Sturgess, keith, author, John Ford : three plays: Tis Pity She,s A Whore/ The Broken Heart Perkin Warbeck